Estudios de crítica literaria

Saved in:
Bibliographic Details
Format: Book
Language:Spanish
Published: La Plata Universidad de La Plata 1973
Series:Trabajos de Alumnos, 3
Subjects:
Tags: Add Tag
No Tags, Be the first to tag this record!

MARC

LEADER 00000nam a2200000 a 4500
001 UCW8616
003 CL-VaPUC
005 20241212120255.0
008 881010e19730000AG |||||||||||||||||spa|d
999 |c 220944  |d 220942 
040 |c Pontificia Universidad Católica de Valparaíso 
082 0 4 |a H860.9  |b EST  |2 21 
245 1 0 |a Estudios de crítica literaria 
260 |a La Plata  |b Universidad de La Plata  |c 1973 
300 |a 209 p 
490 0 |a Trabajos de Alumnos, 3 
583 |a last modification  |c 19881010 00:00:00  |k Rodrigo Vera 
600 0 |a Arguedas, José María  |9 313849 
600 0 7 |a GUDIÑO KIEFFER, EDUARDO  |2 CL-VaPUC  |9 313850 
600 0 7 |a HERNANDEZ, JOSE  |2 CL-VaPUC  |9 313851 
600 0 7 |a LEON, FRAY LUIS DE  |2 CL-VaPUC  |9 255943 
600 0 7 |a RIVERA, JOSE EUSTASIO  |2 CL-VaPUC  |9 313852 
600 0 7 |a Montale, Eugenio,  |d 1896-1981  |9 866944 
650 0 |a Literatura hispanoamericana  |9 269097 
650 0 |a Historia y crítica   |9 257407 
650 0 |a Crítica e interpretación   |9 255042 
942 |c BK  |2 ddc 
945 |d 19881010 00:00:00 
952 |0 0  |1 0  |4 0  |6 H_860_900000000000000_EST_1973  |7 0  |8 A  |9 213784  |a BIBEDU  |b BIBEDU  |d 2019-11-15  |i 2820803  |o H860.9 EST 1973  |p 2820803  |r 2019-11-15  |w 2019-11-15  |y BK  |k LIT